| 000 | 00938nam a22003017a 4500 | ||
|---|---|---|---|
| 001 | 5919 | ||
| 003 | FISKH | ||
| 005 | 20250206154847.0 | ||
| 008 | 250206b cb ||||| |||| 00| 0 eng d | ||
| 020 | _a9780439516846 | ||
| 040 |
_aFISKH _beng _cFISKH _dFISKH |
||
| 050 | _aPZ7.R8139 P | ||
| 082 | _a813.54 | ||
| 100 |
_aRoy, ron _d(1940-) |
||
| 245 |
_aA to Z mysteries : _bThe panda puzzle / _cby Ron Roy ; illustrated by John Steven Gurney |
||
| 250 | _aThis edition published in 2003 | ||
| 260 |
_aNew York : _bScholastic, _c2002. |
||
| 300 |
_a87 pages : _billustrations ; _c20 cm |
||
| 505 | _aN | ||
| 520 | _aDink, Josh, and Ruth Rose investigate the kidnapping of the new baby panda at the petting zoo. | ||
| 521 | 8 |
_a550
_bLexile |
|
| 521 | 8 |
_aN
_bRaz-Plus |
|
| 650 |
_2School _aMystery |
||
| 650 |
_2Elementary _aChildren |
||
| 700 |
_aGurney, steven john _dillustrator |
||
| 942 |
_2ddc _cBK _n0 |
||
| 999 |
_c5919 _d5919 |
||